000 00859nam a2200229Ii 4500
003 JO-AjNU
008 230605s9999||||xx |||||||||||||| ||und||
017 _a2006/25004
040 _aJO-AjNU
_bara
_erda
_cJO-AjNU
041 _aara
050 1 4 _aHG4026.H566 2011
100 3 _aهندي، منير ابراهيم,
_eauthor
_944009
245 0 0 _aادارة المخاطر: عقود الخيارات، ج3
250 _aط1
264 3 1 _aالاسكندرية: المكتب العربي الحديث، 2011
300 _aج3 ، 694ص
_bيحتوي على ملاحق و ببلوغرافية من ص 683- 694ص
336 _atext
_btxt
_2rdacontent
337 _aunmediated
_bn
_2rdamedia
338 _avolume
_bnc
_2rdacarrier
490 0 _aسلسلة الفكر الحديث في الهندسة المالية
650 4 _aادارة الازمات
_944010
999 _aA18965
_c22533
_d22533